League Of Legends MSI 2019 Uczestnicy - Statystyki

Ogólne statystyki
  • Ten quiz został rozwiązany 355 razy
  • Średni wynik to 5 z 13
Statystyki odpowiedzi
Region Drużyna % Poprawnych
EU G2 Esports
99%
KR SK Telecom T1
95%
NA Team Liquid
85%
CN Invictus Gaming
78%
LMS Flash Wolves
42%
VN Phong Vũ Buffalo
35%
CIS Vega Squadron
27%
JP DetonatioN FocusMe
26%
TR 1907 Fenerbahçe
18%
BR INTZ e-Sports
13%
OCE Bombers
10%
SEA MEGA
9%
LAT Isurus Gaming
7%
Nie znaleziono quizów pasujących do podanych kryteriów
Rozkład punktacji
Procent ludzi z każdym wynikiem
Percentyl według liczby udzielonych odpowiedzi
Twoja historia wyników
Nie rozwiązałeś tego quizu